000 00385nam a2200157Ia 4500
005 20260417150919.0
008 260417s9999||||xx |||||||||||||| ||und||
020 _a9781847424037
041 _aeng
100 _aKeating
245 0 _aRural ageing
260 _bCambridge, Cambridge,
_c2022
650 _aMedia & Communication
856 _u10.46692/9781847424037
942 _cE-BOOK
999 _c50677
_d50677